La prioridad del otro en psicoanálisis /

Guardado en:
Detalles Bibliográficos
Autor principal: Laplanche, Jean (autor)
Otros autores: Bleichmar, Silvia (traducción) (traducción)
Formato: Libro
Idioma:Español
Publicado: Buenos Aires, Argentina : Amorrortu, 1996, c1996
Temas:
Etiquetas: Agrega una etiqueta
Sin etiquetas, Sé el primero en etiquetar este registro!

MARC

LEADER 00000nam^a2200000^a^4500
001 000389223
005 20250521000000.0
009 20260310121114.287
020 |a 950-518-557-X 
037 |a Acervo ITESO - Biblioteca 
041 |a ESP 
082 |a 150. 1957  |b LAP 
100 |a Laplanche, Jean  |e (autor) 
245 1 3 |a La prioridad del otro en psicoanálisis /  |c J. Laplanche ; tr. por S. Bleichmar. 
264 4 |a Buenos Aires, Argentina :  |b Amorrortu,  |c 1996, c1996 
300 |a 206 p. 
336 |a texto  |b txt  |2 rdacontenido 
337 |a sin mediación  |b n  |2 rdamedio 
338 |a volumen  |b nc  |2 rdasoporte 
500 |a Traducción de: La révolution copernicienne inachevée 
521 |a EEnlace Departamento de Psicología, Educación y Salud 2016 
649 |a XX 
650 |a Diferencia y Otredad -  |x Aspectos Psicológicos -  |x Tema Principal 
650 |a Inconsciente 
650 |a Psicoanálisis Freudiano -  |x Teoría -  |x Tema Principal 
650 |a Psicoanálisis -  |x Teoría 
650 |a Psicoanálisis 
650 |a Psicología 
700 |a Bleichmar, Silvia  |e (traducción) 
910 |a Fondo General 
920 |a Impresos - Libros 
930 |a Colección General 
905 |a 101 
901 |a 0500283851  |b IT1  |c ACC  |i C153195  |u 20250521 
902 |a https://opac.biblio.iteso.mx/vufind/Record/000389223